00957nam a22002657a 450000500170000001000110001702000100002803500110003803700160004904000120006508200150007710000240009224500520011626000400016827000130020830000200022150000510024165000380029265000510033065000620038165000810044394200240052499900190054895201240056720170124105958.0 a177196 c00.00 a177196 bCen Lib/Ret aDPLbEN a027.6bLAN aLandheer, B.915100 aSocial functions of libraries /cby B. Landheer aNew YorkbThe Scarecrow Pressc1957 bNew York a287p.c20cm(Hb) aIncludes bibliographic references and index  aPublic services (Libraries)96418 aPublic services (Libraries)--Evaluation915101 a पुस्तकालय विज्ञान990995 aपुस्तकालयाध्यक्ष-प्राचीन92778 2ddccENh027.6mLAN c125664d125664 00104070aLbLd2015-06-22eCen Lib/Ret g0.00l0o027.6 LANp177196r2015-06-22 00:00:00t1v0.00w2015-06-22yEN